000 01496nas a2200277 454500
001 1174
005 20260407193503.0
008 260407s1961####ag###########|||spa#d
003 AR-UNSa-BCEJYS
040 _aAR-UNSa-BCEJYS
_bspa
_cAR-UNSa-BCEJYS
080 _a330.34
_xDesarrollo Económico
245 1 0 _aDesarrollo económico
_prevista de ciencias sociales
022 _a0046-001X
264 1 _aBuenos Aires :
_bIDES
_c1961
310 _aFrecuencia Trimestral Colección incompleta
505 _aCambia de Director a partir del Vol. 2, Nº 1 por Miguel Teubal Cambia de Director a partir del Vol. 4, Nº 16 por Ezequiel Luis Gallo (h) Cambia de Director a partir del Vol. 20 por Nicolás Sanchez-Albornoz Cambia de Director a partir del Nº 26 por Javier Villanueva Cambia de Director a partir del Nº 41 por Torcuato S. Di Tella Cambia de Director a partir del Nº 61 por Adolfo Canitrot Cambia de Director a partir del Nº 84 por Héctor L. Dieguez Cambia de Director a partir del Nº 102 por Alfredo Monza Cambia de Director a partir del Nº 131 por Juan Carlos Torre
041 _aspa
942 _cSER
590 _aniveau_biblio:s niveau_hierar:1
100 1 _aGortari, Pedro Abel
700 1 _aIDES (Instituto de Desarrollo Económico y Social)
650 _aDesarrollo económico y social
650 _aCiencias sociales
650 _a6.25 Economía
856 4 1 _uhttps://biblioeco.unsa.edu.ar/pmb/images/revistas/Desarrolo Econ?mico.jpg
_yImagen de portada
_qimage/jpeg
999 _c8378
_d8378